| 000 | 00587nam a2200193Ia 4500 | ||
|---|---|---|---|
| 003 | IN-BaIIA | ||
| 008 | 211028s9999 xx 000 0 eng d | ||
| 020 | _a0-12-014656-8 | ||
| 040 | _cIIA Library | ||
| 080 |
_a047.1:621.38 _bAEE-56 |
||
| 245 | 0 |
_aAdvances in Electronics and Electron Physics _bvol. 56 _cedited by Claire Marton |
|
| 260 |
_aNew York _bAcademic Press _c1910 |
||
| 300 | _axi, 473p. | ||
| 650 |
_aElectronics _91576 |
||
| 650 | _aElectrophysics | ||
| 650 | _aNASA Thesaurus | ||
| 700 |
_aMarton, Claire., ed. _94818 |
||
| 942 | _cBK | ||
| 999 |
_c8725 _d8725 |
||